Standardizace textilních výrobků : učební text pro magisterská studia FT. I. /

Hlavní autor: Staněk, Jaroslav, 1932-2015
Korporativní autor: Technická univerzita v Liberci. Katedra hodnocení textilií
Jazyk: Čeština
Vydáno: Liberec : Technická univerzita v Liberci, 2005
Vydání: Vyd. 1.
Témata:
Fyzický popis: 98 s. : il. ; 21 cm
Knihy
Uloženo v:
LEADER 01681nam a2200433 a 4500
001 000807459
003 CZ BrMZK
005 20060301135900.0
007 ta
008 060201s2005 xr a erp 000 0 cze
015 |a cnb001640247 
020 |a 80-7372-029-9  |q (brož.) 
035 |a (OCoLC)85544232 
040 |a BOA001  |b cze 
072 7 |a 677  |x Textilní průmysl  |2 Konspekt  |9 19 
072 7 |a 37.016  |x Učební osnovy. Vyučovací předměty. Učebnice  |2 Konspekt  |9 22 
080 |a 677  |2 MRF 
080 |a 658.62  |2 MRF 
080 |a 006.063  |2 MRF 
080 |a 006  |2 MRF 
080 |a (075.8)  |2 MRF 
100 1 |a Staněk, Jaroslav,  |d 1932-2015  |7 jx20031130129  |4 aut 
245 1 0 |a Standardizace textilních výrobků :  |b učební text pro magisterská studia FT.  |n I. /  |c Jaroslav Staněk 
250 |a Vyd. 1. 
260 |a Liberec :  |b Technická univerzita v Liberci,  |c 2005 
300 |a 98 s. :  |b il. ;  |c 21 cm 
500 |a Nad názvem: Technická univerzita v Liberci, Fakulta textilní, Katedra hodnocení textilií 
504 |a Obsahuje bibliografii 
521 8 |a Určeno pro FT, 4. roč. MTI - Řízení jakosti, prezenční studium 
650 0 7 |a textilní průmysl  |7 ph116446  |2 czenas 
650 0 7 |a výrobky  |7 ph116699  |2 czenas 
650 0 7 |a certifikace  |7 ph119105  |2 czenas 
650 0 7 |a standardizace a normalizace  |7 ph260671  |2 czenas 
655 7 |a učebnice vysokých škol  |7 fd133772  |2 czenas 
710 2 |a Technická univerzita v Liberci.  |b Katedra hodnocení textilií  |7 kn20020415012 
910 2 |a BOA001  |b 2-1163.772,1 
990 |a BK 
991 |b 200603  |c NOV 
996 6 |b 2610271095  |c 2-1163.772,1  |l MZK  |r Sklad / do 1 hodiny  |n 3  |p p.v.  |w 000807459  |u 000010  |a 1  |e BOA001  |j MZK50  |s P